| 000 | 00778nam a22002537a 4500 | ||
|---|---|---|---|
| 003 | BCEG | ||
| 005 | 20260126110837.0 | ||
| 008 | 260126s1981 mx|||||| |||| 00| 0 spa d | ||
| 020 | _a9684710100 | ||
| 040 |
_aBCEG _bspa _cBCEG |
||
| 082 | 0 | 4 |
_a599.938 _bH764e |
| 245 | 0 | 3 | _aEl hombre en la evolución. |
| 260 |
_aMéxico : _bConsejo Nacional de Ciencia y Tecnología, _c1982. |
||
| 300 |
_a108 p. _b: il., fots. |
||
| 500 | _aCon firma de propietario: Célica Esther Cánovas Marmo. | ||
| 504 | _aIncluye bibliografía e índice. | ||
| 534 |
_pTítulo original : _tMan's place in evolution. |
||
| 541 | _aDonación. | ||
| 650 | 1 | 4 | _aEvolución humana. |
| 650 | 1 | 4 |
_aHombre _xOrigen. |
| 700 | 1 |
_aHedley, R. H., _epref. |
|
| 700 | 1 |
_aEstrada, Enrique, _etr. |
|
| 942 | _cBK | ||
| 999 |
_c437059 _d437059 |
||